Hood and another v National Farmers` Union (Record no. 46613)

MARC details
000 -LEADER
fixed length control field 01669cab a2200277 4500
001 - CONTROL NUMBER
control field ABS50049
008 - FIXED-LENGTH DATA ELEMENTS--GENERAL INFORMATION
fixed length control field 090401t1994 xxu||||| |||| 00| 0 eng d
035 ## - SYSTEM CONTROL NUMBER
System control number (Sirsi) u73851
041 ## - LANGUAGE CODE
Language code of text/sound track or separate title eng
245 ## - TITLE STATEMENT
Title Hood and another v National Farmers` Union
260 ## - PUBLICATION, DISTRIBUTION, ETC.
Date of publication, distribution, etc. 1994
350 ## - PRICE (NR) (BK AM CF MU VM SE) [OBSOLETE]
Price 0
490 ## - SERIES STATEMENT
Series statement Estates Gazette
Volume/sequential designation (1994) 01 EG 109-115(7)
520 ## - SUMMARY, ETC.
Summary, etc. CA 21 April 1993. In September 1983 the plaintiff (H), who had owned a dairy farm in Wiltshire, bought a farm in Oxfordshire which had not been used for dairy purposes for ten years. The milking herd was moved in April 1984 and they received a provisional assessment of primary milk quota calculated on the basis of milk production at the Wiltshire farm but not on the Oxfordshire one. The Dairy Produce Quota Tribunal dismissed their claim for a development claim and an exceptional hardship claim for quota. H claimed that the defendant`s (N) had failed to advise them that they had a right to challenge the tribunal`s decision. N claimed that the judge had misconstrued the 1984 regulations, made finding contrary to the weight of evidence and misinterpreted his role in assessing his loss. Appeal dismissed on grounds that N had been in breach of a duty of care in failing to advise H as the tribunal had been wrong in its conclusions.
650 ## - SUBJECT ADDED ENTRY--TOPICAL TERM
Topical term or geographic name entry element DAIRY PRODUCE QUOTA REGULATIONS 1984
650 ## - SUBJECT ADDED ENTRY--TOPICAL TERM
Topical term or geographic name entry element DUTY OF CARE
650 ## - SUBJECT ADDED ENTRY--TOPICAL TERM
Topical term or geographic name entry element REGULATION (EEC) 804/84
650 ## - SUBJECT ADDED ENTRY--TOPICAL TERM
Topical term or geographic name entry element REGULATION (EEC) 856/84
650 ## - SUBJECT ADDED ENTRY--TOPICAL TERM
Topical term or geographic name entry element EXCEPTIONAL HARDSHIP
650 ## - SUBJECT ADDED ENTRY--TOPICAL TERM
Topical term or geographic name entry element MILK QUOTAS
650 ## - SUBJECT ADDED ENTRY--TOPICAL TERM
Topical term or geographic name entry element NATIONAL FARMERS UNION
650 ## - SUBJECT ADDED ENTRY--TOPICAL TERM
Topical term or geographic name entry element NEGLIGENCE
690 ## - LOCAL SUBJECT ADDED ENTRY--TOPICAL TERM (OCLC, RLIN)
Topical term or geographic name as entry element RURAL PRACTICE-CASE LAW
942 ## - ADDED ENTRY ELEMENTS (KOHA)
Suppress in OPAC 0
948 ## - LOCAL PROCESSING INFORMATION (OCLC); SERIES PART DESIGNATOR (RLIN)
c (OCLC) 04/03/1997
Holdings
Withdrawn status Lost status Source of classification or shelving scheme Damaged status Not for loan Home library Current library Shelving location Date acquired Total Checkouts Full call number Barcode Date last seen Copy number Price effective from Koha item type
    Dewey Decimal Classification     London London Journal article 14/09/1999   ABS50049 73851-1001 06/08/2019 1 06/08/2019 Law report